<?xml version="1.0" encoding="UTF-8"?>
<record
    xmlns:xsi="http://www.w3.org/2001/XMLSchema-instance"
    xsi:schemaLocation="http://www.loc.gov/MARC21/slim http://www.loc.gov/standards/marcxml/schema/MARC21slim.xsd"
    xmlns="http://www.loc.gov/MARC21/slim">

  <leader>02188cam a2200277Ki 4500</leader>
  <datafield tag="020" ind1=" " ind2=" ">
    <subfield code="a">331900638X</subfield>
  </datafield>
  <datafield tag="020" ind1=" " ind2=" ">
    <subfield code="a">3319006398</subfield>
  </datafield>
  <datafield tag="020" ind1=" " ind2=" ">
    <subfield code="a">9783319006383</subfield>
  </datafield>
  <datafield tag="020" ind1=" " ind2=" ">
    <subfield code="a">9783319006390</subfield>
  </datafield>
  <datafield tag="040" ind1=" " ind2=" ">
    <subfield code="c">GW5XE</subfield>
  </datafield>
  <datafield tag="082" ind1="0" ind2="4">
    <subfield code="a">338 FIR 1997 C153 Or.</subfield>
  </datafield>
  <datafield tag="245" ind1="0" ind2="0">
    <subfield code="a">Technologies for sustainable development :</subfield>
    <subfield code="b">a way to reduce poverty? /</subfield>
  </datafield>
  <datafield tag="300" ind1=" " ind2=" ">
    <subfield code="a">1 online resource</subfield>
  </datafield>
  <datafield tag="500" ind1=" " ind2=" ">
    <subfield code="a">Includes index</subfield>
  </datafield>
  <datafield tag="520" ind1=" " ind2=" ">
    <subfield code="a">Whilst scientific research can be crucial in guiding innovation and development throughout the world, it can be too detached from real world applications, particularly in developing and emerging countries. Technologies for Sustainable Development brings together the best 20 papers from the 2012 Conference of the EPFL-UNESCO Chair in Technologies for Development with the aim to explore and discuss ways to link scientific research with development practices to assist practitioners and reply directly to social needs. In order for technologies to be adopted it is not sufficient that they are low cost and affordable but also socially, culturally and environmentally accepted by the intended users. Technologies for Sustainable Development aims to explore and answer the following three questions: What is an appropriate technology? How can we ensure a sustainable, integrated development? What are the conditions for co-creation and transfer of such technologies? Focusing on the importance of improving working relationships between stakeholders; researchers and decision-makers; between scientists and industrial sectors; between academics and the population; Technologies for Sustainable Development opens a dialogue necessary to create and implement the best solutions adapted to social demands</subfield>
  </datafield>
  <datafield tag="650" ind1=" " ind2="0">
    <subfield code="a">Environmental economics.</subfield>
  </datafield>
  <datafield tag="650" ind1=" " ind2="0">
    <subfield code="a">Sustainable development</subfield>
  </datafield>
  <datafield tag="700" ind1="1" ind2=" ">
    <subfield code="a">Bolay, Jean-Claude,</subfield>
  </datafield>
  <datafield tag="700" ind1="1" ind2=" ">
    <subfield code="a">Hazboun, Eileen,</subfield>
  </datafield>
  <datafield tag="700" ind1="1" ind2=" ">
    <subfield code="a">Hostettler, Silvia,</subfield>
  </datafield>
  <datafield tag="710" ind1="2" ind2=" ">
    <subfield code="a">Ohio Library and Information Network.</subfield>
  </datafield>
  <datafield tag="856" ind1="4" ind2="0">
    <subfield code="u">http://rave.ohiolink.edu/ebooks/ebc/9783319006390</subfield>
  </datafield>
  <datafield tag="856" ind1="4" ind2="0">
    <subfield code="u">http://dx.doi.org/10.1007/978-3-319-00639-0</subfield>
  </datafield>
  <datafield tag="856" ind1="4" ind2="0">
    <subfield code="u">http://proxy.ohiolink.edu:9099/login?url=http://dx.doi.org/10.1007/978-3-319-00639-0</subfield>
  </datafield>
  <datafield tag="942" ind1=" " ind2=" ">
    <subfield code="c">AEDBB</subfield>
  </datafield>
  <datafield tag="999" ind1=" " ind2=" ">
    <subfield code="c">18868</subfield>
    <subfield code="d">18868</subfield>
  </datafield>
  <datafield tag="952" ind1=" " ind2=" ">
    <subfield code="0">0</subfield>
    <subfield code="1">0</subfield>
    <subfield code="4">0</subfield>
    <subfield code="6">338_000000000000000_FIR_1997_C153_OR</subfield>
    <subfield code="7">0</subfield>
    <subfield code="9">83503</subfield>
    <subfield code="a">LBC</subfield>
    <subfield code="b">LBC</subfield>
    <subfield code="d">2020-02-03</subfield>
    <subfield code="e">A36746</subfield>
    <subfield code="o">338 FIR 1997 C153 Or.</subfield>
    <subfield code="r">2020-02-03</subfield>
    <subfield code="y">EK</subfield>
  </datafield>
</record>
